Conan : příběhy psané mečem. Úklady vrtkavé štěstěny /

Dobrodružná komiksová série se slavným barbarem Conanem v hlavní roli.

Hlavní autor: Finch, Meredith
Další autoři: Zub, Jim, Thomas, Roy, 1940-, Ross, Luke, 1972-, Zircher, Patrick, Davis, Alan, 1956-, Niklíčková, Alexandra, 1978-
Jazyk: Čeština
Vydáno: Praha : Comics Centrum, [2023]
Vydání: První české vydání
Témata:
Fyzický popis: 144 nečíslovaných stran : barevné ilustrace ; 24 cm
Language note: Český text
Knihy
Uloženo v:
LEADER 02933nam a2200589 i 4500
001 nkc20233501942
003 CZ PrNK
005 20240130122906.0
007 ta
008 230221t20232023xr a g 6 000 1 cze
015 |a cnb003501942 
020 |a 978-80-7652-106-3  |q (vázáno) 
035 |a (OCoLC)1393198299 
040 |a ABG001  |b cze  |d ABA001  |e rda 
041 1 |a cze  |h eng 
072 7 |a 741.52  |x Komiksy. Komiksové adaptace  |2 Konspekt  |9 21 
080 |a 741.52(0:82-322.9)  |2 MRF 
080 |a 741.52(0:82-321.3)  |2 MRF 
100 1 |a Finch, Meredith  |7 xx0279316  |4 aut 
240 1 0 |a Conan the gambler.  |l Česky 
245 1 0 |a Conan :  |b příběhy psané mečem.  |p Úklady vrtkavé štěstěny /  |c Meredith Finchová, Jim Zub, Roy Thomas - scénář ; Luke Ross, Patch Zircher, Alan Davis - kresba ; Alexandra Niklíčková - překlad z angličtiny 
246 3 0 |a Úklady vrtkavé štěstěny 
246 1 8 |a Conan - příběhy psané mečem 
250 |a První české vydání 
264 1 |a Praha :  |b Comics Centrum,  |c [2023] 
264 4 |c ©2023 
300 |a 144 nečíslovaných stran :  |b barevné ilustrace ;  |c 24 cm 
336 |a text  |b txt  |2 rdacontent 
336 |a statický obraz  |b sti  |2 rdacontent 
337 |a bez média  |b n  |2 rdamedia 
338 |a svazek  |b nc  |2 rdacarrier 
520 2 |a Dobrodružná komiksová série se slavným barbarem Conanem v hlavní roli.  |b Legendární Conan opět ožívá, tentokrát ve třech povídkách, jež ho zavedou do exotických koutů bájné Hyboreje. Nejprve se musí v Akifu vypořádat se svízelnou léčkou, kterou na něj nastraží mstivý šejdíř. Poté se ocitá v samém srdci hříšného Šadizaru, kde se pokusí přiučit novému řemeslu - hazardním hrám, a to přímo v nejproslulejším hráčském doupěti. A nakonec se vydá na nebezpečnou výpravu po úbočích himelájských velehor, aby tam pátral po zmizelém šlechtici a převzácném drahokamu. Nakladatelská anotace. 
521 8 |a Pro čtenáře od 14 let (kniha obsahuje vyobrazení násilných a hororových scén) 
546 |a Český text 
655 7 |a fantasy komiksy  |7 fd1057473  |2 czenas 
655 7 |a akční a dobrodružné komiksy  |7 fd1057471  |2 czenas 
655 9 |a fantasy comics  |2 eczenas 
655 9 |a action and adventure comics  |2 eczenas 
700 1 |a Zub, Jim  |7 xx0258457  |4 aut 
700 1 |a Thomas, Roy,  |d 1940-  |7 xx0035680  |4 aut 
700 1 |a Ross, Luke,  |d 1972-  |7 ola2010617169  |4 ill 
700 1 |a Zircher, Patrick  |7 xx0225132  |4 ill 
700 1 |a Davis, Alan,  |d 1956-  |7 xx0173117  |4 ill 
700 1 |a Niklíčková, Alexandra,  |d 1978-  |7 mzk2013751044  |4 trl 
787 0 8 |i Z cyklu:  |t Conan - příběhy psané mečem  |g 2 
910 2 |a BOA001  |b 2-1509.904 
920 |a 4694289  |z ABG001 
928 9 |a Martin Trojan 
990 |a BK 
995 |a 01 
991 |b 202307  |c NOV 
996 6 |b 2610942912  |c 2-1509.904  |l MZK  |r Sklad / do 1 hodiny  |n 0  |p p.v.  |w 001931792  |u 000010  |a 1  |e BOA001  |j MZK50  |s P